00936nam a22002177a 4500999001700000003000900017008004100026040007100067082001500138100001700153245003700170260004900207300002800256440004700284505020000331650003000531650002600561942001600587945002000603952009500623 c16945d16945AR-CdUCM190506b ||||| |||| 00| 0 sap d aMUNICIPALIDAD PROVINCIAL DEL CUSCOcBIBLIOTECA MUNICIPAL DEL CUSCO a153 /bS75 aSpirkin, A.. aEl origen de la ciencia humana / aBuenos Aires :bPlatina / Stilcograf,c1965. a382 páginas ;c20 cm. aColección el ser y la conciencia.936706 aContenido :La pre historia de la conciencia -- La génesis y las tempranas etapas de su desarrollo -- El origen de las formas de la conciencia social -- La formación de la auto conciencia ... aConciencia humana.936707 aSeres humanos.921798 2ddccLIBROS arumd2019-05-06 002ddc4070aSHbSHcCARTd2019-05-06g28.00o153 / S75pSH0000011947r2019-05-06yLIBROS